| 000 | 00418nam a2200157Ia 4500 | ||
|---|---|---|---|
| 008 | 230312s9999||||xx |||||||||||||| ||und|| | ||
| 020 | _a0-470-64885-8 | ||
| 082 |
_a720.3 _bCHI-V |
||
| 100 | _aChing;Francis.D,K | ||
| 245 | 0 | _aVisual Dictionary of Architecture | |
| 260 |
_bJohn Wiley & sons _aUSA _c2012 |
||
| 300 | _a328 | ||
| 546 | _aEng. | ||
| 650 |
_aArchitecture _vVisual Dictionary of Architecture |
||
| 942 | _cBK | ||
| 999 |
_c9209 _d9209 |
||